Correspondencia al Duque de Alburquerque, donde se le menciona, sobre las diversas cartas que han llegado en los navíos al puerto de Veracruz

Detalles Bibliográficos
Formato: Libro
Publicado: México, 1664
Materias:
Colección:Banco de datos
Acervo:Biblioteca Palafoxiana. Colección de Manuscritos
Descripción Física:4 f. ; 31 x 22 cm.
Tema general:Eclesiástica
LEADER 00450nam a22001330004500
035 |a 3423 
245 1 0 |a Correspondencia al Duque de Alburquerque, donde se le menciona, sobre las diversas cartas que han llegado en los navíos al puerto de Veracruz 
260 |a México, 1664 
300 |a 4 f. ; 31 x 22 cm. 
650 1 0 |a Eclesiástica 
949 |a R481/087 
942 |c PALAMANU 
943 |g Biblioteca Palafoxiana. Colección de Manuscritos 
999 |c 1071368  |d 1071368